00326nam a2200121Ia 4500008004100000041000800041082001200049100001800061245004400079260004800123300002600171365000700197240624s9999 xx 000 0 und d aeng a823 DUT aDUTTA KRISHNA aSELECTED LETTERS OF RABINDRANATH TAGORE c2005aNew DelhibCambridge University Press axxx, : 561 : cm. ; 24 cRS